[Event "26. Euskadi ch 2006"]
[Site "Amorebieta ESP"]
[Date "2006.04.21"]
[Round "5.1"]
[White "Gonzalez De La Torre, Santiago"]
[Black "Argandona Rivero, Iñigo"]
[Result "0-1"]
[WhiteElo "2318"]
[BlackElo "2352"]
[PlyCount "68"]
[EventDate "2006.04.18"]
[EventType "swiss"]
[EventRounds "7"]
[EventCountry "ESP"]
[Source "lmi"]
[SourceDate "2006.04.23"]

1. e4 c5 2. Nf3 d6 3. d4 cxd4 4. Nxd4 Nf6 5. Nc3 g6 6. Be3 Bg7 7. f3 O-O 8. Qd2
Nc6 9. Bc4 Bd7 10. O-O-O Rb8 11. Bb3 Na5 12. Bh6 Bxh6 13. Qxh6 b5 14. h4 e5 15.
Nde2 b4 16. Nd5 Nxb3+ 17. axb3 Nxd5 18. Rxd5 Be6 19. h5 Qc7 20. Rd3 Rfc8 21. c3
Bxb3 22. f4 exf4 23. Nxf4 bxc3 24. bxc3 Ba2 25. hxg6 fxg6 26. Kc2 Qb7 27. Kd2
Re8 28. Rxd6 Rbd8 29. e5 Rxd6+ 30. exd6 Qb2+ 31. Kd3 Rb8 32. Rb1 Qxb1+ 33. Kd2
Re8 34. c4 Bxc4 0-1